000 01054nam a22002651i 4500
003 SA_RiAUC
005 20250410081956.0
008 250408s2008____ua g 000 0 ara c
020 _a9773700852
040 _aSA-RiIMS
_bara
_cSA-RiAUC
_erda
082 0 4 _a250
090 _a250
_b ق ف ا
100 1 _aالقفال، محمد بن علي بن إسماعيل،
_d291-365 هجري
_eمؤلف.
245 1 0 _aمحاسن الشريعة /
_cأبو بكر محمد بن علي بن إسماعيل ؛ تحقيق علي إبراهيم مصطفى.
250 _aالطبعة الأولى.
264 1 _aالقاهرة :
_bالفاروق الحديثة للطباعة والنشر،
_c2008
300 _a577 صفحة ؛
_c24 سم
336 _aنص
_btxt
_2rdacontent
_3كتاب
337 _aبدون وسيط
_bn
_2rdamedia
338 _aمجلد
_bnc
_2rdacarrier
650 7 _aالشريعة الإسلامية
_2aucsh
700 1 _aمصطفى، علي إبراهيم
_eمحقق.
942 _2ddc
_cBOOK
_n0
949 _aSA-JeALM
_d250408
_umohamedma123
_n1
999 _c6848
_d6848